00292nam a2200121Ia 4500008004100000041000900041082001700050100002400067245002500091260003800116300000800154650000800162230718s9999 xx 000 0 und d aEng. a29763bSCH-A aSchimmel, Annemarie 4aAnd Muhammad is this aPakistanbSangemeel Ruthie c2003 a377 aLaw